[Event "World Youth Boys U18 2014"]
[Site "Durban RSA"]
[Date "2014.09.23"]
[Round "5.3"]
[White "Alekseenko, Kirill"]
[Black "Csonka, Balazs"]
[Result "1-0"]
[WhiteTitle "FM"]
[BlackTitle "FM"]
[WhiteElo "2483"]
[BlackElo "2412"]
[WhiteFideId "4135539"]
[BlackFideId "742910"]
[EventDate "2014.09.20"]

1. e4 c6 2. d4 d5 3. e5 Bf5 4. Nf3 e6 5. Be2 Ne7 6. O-O Bg6 7. Nbd2 Nf5 8. Nb3
Nd7 9. a4 Be7 10. a5 O-O 11. g4 Nh4 12. Nxh4 Bxh4 13. f4 f5 14. g5 h6 15. gxh6
gxh6 16. Kh1 Kh7 17. Be3 Rg8 18. Bf3 Bf7 19. Qe2 Be7 20. Rg1 a6 21. Rxg8 Qxg8
22. Rg1 Qh8 23. c4 Rg8 24. Rc1 Qg7 25. Rg1 Qf8 26. Rxg8 Qxg8 27. Qc2 Qd8 28. Bd2
dxc4 29. Qxc4 Nf8 30. Be1 Ng6 31. Bg3 Bf8 32. Kg1 Kg8 33. Qc3 h5 34. h3 h4 35.
Bh2 Qe8 36. Kf2 Ne7 37. Qb4 Qc8 38. Nc5 Nd5 39. Qxb7 Qd8 40. Nb3 Bh6 41. Qxc6
Nxf4 42. Bxf4 Bxf4 43. Qa8 Qxa8 44. Bxa8 Bg3+ 45. Kf1 Be8 46. Bf3 Bf4 47. Be2
Be3 48. Bxa6 Ba4 49. Nc5 Be8 50. Nxe6 Bf7 51. Bc4 1-0

[Event "World Youth Boys U18 2014"]
[Site "Durban RSA"]
[Date "2014.09.23"]
[Round "5.4"]
[White "Vignesh, NR"]
[Black "Wagner, Dennis"]
[Result "1/2-1/2"]
[BlackTitle "IM"]
[WhiteElo "2360"]
[BlackElo "2499"]
[WhiteFideId "25012215"]
[BlackFideId "24650684"]
[EventDate "2014.09.20"]

1. d4 Nf6 2. c4 e6 3. g3 d5 4. Nf3 dxc4 5. Bg2 Bb4+ 6. Bd2 a5 7. O-O O-O 8. Bg5
Nbd7 9. a3 Be7 10. Nbd2 h6 11. Bxf6 Bxf6 12. Nxc4 c5 13. dxc5 Nxc5 14. Qxd8 Rxd8
15. Rad1 Bd7 16. b4 axb4 17. axb4 Ra4 18. Rb1 Na6 19. Nfe5 Bb5 20. Bxb7 Bxe5 21.
Nxe5 Nxb4 22. Bc6 Nxc6 23. Rxb5 Nxe5 24. Rxe5 Ra2 25. e3 Rdd2 26. Rb5 g5 27.
Rbb1 Kg7 28. Rbd1 Re2 29. Rde1 Reb2 30. Rb1 Kg6 31. Rxb2 Rxb2 32. Rd1 h5 33. h3
Ra2 34. Kg2 Ra4 35. Rd8 Kg7 1/2-1/2

[Event "World Youth Boys U18 2014"]
[Site "Durban RSA"]
[Date "2014.09.23"]
[Round "5.5"]
[White "Nassr, Ali"]
[Black "Zenzera, Alexey"]
[Result "1/2-1/2"]
[WhiteTitle "IM"]
[BlackTitle "IM"]
[WhiteElo "2215"]
[BlackElo "2439"]
[WhiteFideId "7900520"]
[BlackFideId "4102665"]
[EventDate "2014.09.20"]

1. d4 Nf6 2. Nf3 d5 3. c4 e6 4. Nc3 Bb4 5. e3 O-O 6. Qc2 b6 7. cxd5 exd5 8. Bd3
c5 9. O-O c4 10. Be2 a6 11. Ne5 Bb7 12. a4 Nc6 13. f4 Na5 14. Bd2 Nb3 15. Rad1
Nxd2 16. Rxd2 b5 17. Rdd1 Qb6 18. Bf3 Bd6 19. Ne2 Rac8 20. axb5 axb5 21. Ng3 Rc7
22. Nf5 Bc8 23. Ra1 b4 24. Nxd6 Qxd6 25. Rfc1 c3 26. bxc3 Rxc3 27. Qd2 Rxc1+ 28.
Rxc1 Bf5 29. g4 Be4 30. Bd1 h6 31. Nc6 b3 32. Qb2 Bc2 33. Bxc2 bxc2 34. Ne5 Qe6
35. Qxc2 Rb8 36. Qc6 Qxc6 37. Rxc6 Rb1+ 38. Kg2 Rb2+ 39. Kg1 Rb1+ 40. Kg2 Rb2+ 1/2-1/2

[Event "World Youth Boys U18 2014"]
[Site "Durban RSA"]
[Date "2014.09.23"]
[Round "5.6"]
[White "Ruiz C, Joshua D"]
[Black "Bezuidenhout, Roland"]
[Result "1-0"]
[WhiteTitle "IM"]
[BlackTitle "CM"]
[WhiteElo "2395"]
[BlackElo "2030"]
[WhiteFideId "4400704"]
[BlackFideId "14304562"]
[EventDate "2014.09.20"]

1. e4 d6 2. d4 Nf6 3. Nc3 e5 4. Nge2 Nbd7 5. h3 c6 6. a4 Be7 7. g4 h6 8. Bg2 Qc7
9. Be3 Nf8 10. Qd2 g5 11. d5 Ng6 12. Rg1 Nf4 13. Bf1 h5 14. f3 Bd7 15. Bf2 hxg4
16. hxg4 Qa5 17. b4 Qc7 18. a5 cxd5 19. exd5 Kf8 20. b5 Qd8 21. Ng3 Qe8 22. Be3
Kg7 23. Nf5+ Bxf5 24. gxf5 N6h5 25. Ne4 f6 26. c4 Qc8 27. c5 Rd8 28. c6 bxc6 29.
bxc6 Qxf5 30. Ba6 Nh3 31. Rf1 Rh8 32. Ra2 N5f4 33. Rb2 g4 34. Rb7 gxf3 35. Rxe7+
Kf8 36. Rf7+ Kg8 37. Bd3 f2+ 38. Bxf2 Ng2+ 39. Kd1 Qg4+ 40. Kc1 Kxf7 41. Nxd6+
Kg7 42. Bc5 Nhf4 43. Bf5 Qg5 44. c7 Rh2 45. Kb1 Qg3 46. Bc2 Qh3 47. Nf5+ Kh8 48.
Rf2 Rh1+ 49. Ka2 Qh2 50. Be7 Qg1 51. Bxf6+ Kg8 52. Bxe5 Re8 53. d6 Kf7 54. Rxg2
Qxg2 55. Qxg2 Nxg2 56. d7 1-0

[Event "World Youth Boys U18 2014"]
[Site "Durban RSA"]
[Date "2014.09.23"]
[Round "5.7"]
[White "Das, Sayantan"]
[Black "Nikolov, Rumen"]
[Result "1/2-1/2"]
[WhiteTitle "IM"]
[WhiteElo "2456"]
[BlackElo "2172"]
[WhiteFideId "5034426"]
[BlackFideId "2911620"]
[EventDate "2014.09.20"]

1. e4 c5 2. Nf3 Nc6 3. Bb5 e6 4. O-O Nge7 5. Re1 a6 6. Bf1 d5 7. exd5 Nxd5 8. d4
Nf6 9. c3 Be7 10. Bg5 cxd4 11. cxd4 O-O 12. Nc3 b5 13. a3 Bb7 14. h3 Rc8 15. Rc1
h6 16. Bh4 Nd5 17. Bxe7 Nxc3 18. bxc3 Nxe7 19. Ne5 Qa5 20. Qb3 Bd5 21. Qb4 Qc7
22. a4 Bc4 23. Nxc4 bxc4 24. Bxc4 Qxc4 25. Qxe7 Qxa4 26. Ra1 Qc2 27. Rec1 Qd3
28. Qa3 Rc6 29. Qb2 Rfc8 30. Ra3 Rc4 31. g3 Qf3 32. Qd2 a5 33. Qe3 Qd5 34. Re1
Qd6 35. Rxa5 Rxc3 36. Qe5 Qxe5 37. dxe5 R3c5 38. Ra7 Rc1 39. Rxc1 Rxc1+ 40. Kg2 1/2-1/2

[Event "World Youth Boys U18 2014"]
[Site "Durban RSA"]
[Date "2014.09.23"]
[Round "5.8"]
[White "Visakh, NR"]
[Black "Henriquez Villagra, Cristobal"]
[Result "0-1"]
[BlackTitle "IM"]
[WhiteElo "2300"]
[BlackElo "2466"]
[WhiteFideId "25012223"]
[BlackFideId "3409350"]
[EventDate "2014.09.20"]

1. d4 Nf6 2. c4 e6 3. Nf3 b6 4. g3 Ba6 5. b3 Bb7 6. Bg2 Bb4+ 7. Bd2 a5 8. a3
Bxd2+ 9. Nbxd2 O-O 10. Qc2 d6 11. O-O Nbd7 12. e4 e5 13. d5 c6 14. b4 Ra7 15.
Rfc1 Qc7 16. b5 c5 17. Rf1 Qd8 18. Ne1 Ng4 19. Nd3 Bc8 20. Rae1 Re8 21. f3 Nh6
22. f4 exf4 23. gxf4 Nf8 24. e5 Rae7 25. Ne4 dxe5 26. Nxe5 Rxe5 27. fxe5 Rxe5
28. Qc3 f6 29. Nd2 Ng6 30. Nf3 Rxe1 31. Rxe1 Nf7 32. Qd2 Nd6 33. Qe3 Bg4 34. Nd2
Ne5 35. Qg3 Bf5 36. Bf1 Qe8 37. Re3 Qg6 38. Qxg6 Bxg6 39. Rc3 Kf7 40. Nf3 Nxf3+
41. Rxf3 Be4 42. Rh3 h6 43. Kf2 Bf5 44. Re3 Bd7 45. Bd3 f5 46. h4 g6 47. Re1 Kf6
48. Kg3 Nf7 49. Be2 Ne5 50. Rh1 Be8 51. Bf1 Bd7 52. Be2 Nf7 53. Re1 g5 54. hxg5+
hxg5 55. Rh1 f4+ 56. Kf2 Bf5 57. Bh5 Nd6 58. Be2 g4 59. Rh8 f3 60. Bf1 Ke5 0-1

[Event "World Youth Boys U18 2014"]
[Site "Durban RSA"]
[Date "2014.09.23"]
[Round "5.9"]
[White "Malka, Samuel"]
[Black "Studer, Noel"]
[Result "0-1"]
[BlackTitle "FM"]
[WhiteElo "2298"]
[BlackElo "2404"]
[WhiteFideId "20643675"]
[BlackFideId "1319620"]
[EventDate "2014.09.20"]

1. d4 f5 2. c4 Nf6 3. Nc3 g6 4. h4 Bg7 5. h5 Nxh5 6. e4 Nf6 7. e5 Ne4 8. g4 d6
9. Bd3 Nxc3 10. bxc3 O-O 11. gxf5 Bxf5 12. Bxf5 Rxf5 13. Ne2 dxe5 14. Ng3 e6 15.
Nxf5 exf5 16. Bh6 Bxh6 17. Rxh6 Qg5 18. Qf3 Nc6 19. Rh1 exd4 20. cxd4 Re8+ 21.
Kf1 Re4 22. d5 Ne5 23. Qh3 h5 24. Rd1 Ng4 25. Rd3 Rxc4 26. Rc3 Qd2 27. Rf3 Qxd5
28. Qg3 Rc1+ 29. Kg2 Rxh1 0-1

[Event "World Youth Boys U18 2014"]
[Site "Durban RSA"]
[Date "2014.09.23"]
[Round "5.10"]
[White "Olund, Joar"]
[Black "Javanbakht, Nima"]
[Result "0-1"]
[BlackTitle "FM"]
[WhiteElo "2280"]
[BlackElo "2364"]
[WhiteFideId "1714848"]
[BlackFideId "12510670"]
[EventDate "2014.09.20"]

1. d4 Nf6 2. c4 c5 3. d5 g6 4. Nc3 Bg7 5. g3 d6 6. Bg2 O-O 7. Nf3 e5 8. dxe6
Bxe6 9. Ng5 Bxc4 10. Bxb7 Nbd7 11. Qxd6 h6 12. Qf4 Bxe2 13. Nxe2 hxg5 14. Qd2
Rb8 15. Bg2 Ne5 16. Qxd8 Rfxd8 17. O-O g4 18. Rb1 Nd5 19. Be4 f5 20. Bc2 Nb4 21.
Ba4 Nxa2 22. Be3 Nf3+ 23. Kg2 Nd2 24. Bxc5 Nxb1 25. Rxb1 Rd2 26. Re1 Rbxb2 27.
Kf1 Rxe2 28. Rxe2 Rxe2 29. Kxe2 Nc3+ 30. Ke3 Nxa4 31. Bxa7 Bh6+ 32. Kd3 Nb2+ 33.
Ke2 Kf7 34. f3 Ke6 35. fxg4 fxg4 36. Kf2 Nc4 37. Kg2 Be3 38. Bb8 Kd7 39. h3 Kc8
40. Bf4 Bxf4 41. gxf4 Ne3+ 42. Kg3 gxh3 43. Kxh3 Kd7 44. Kh4 Ke6 0-1

[Event "World Youth Boys U18 2014"]
[Site "Durban RSA"]
[Date "2014.09.23"]
[Round "5.11"]
[White "Salomon, Johan"]
[Black "Machan, Jan"]
[Result "1-0"]
[WhiteElo "2362"]
[BlackElo "2248"]
[WhiteFideId "1509500"]
[BlackFideId "334774"]
[EventDate "2014.09.20"]

1. d4 Nf6 2. c4 e6 3. Nc3 Bb4 4. Qc2 O-O 5. a3 Bxc3+ 6. Qxc3 b6 7. Bg5 h6 8. Bh4
Bb7 9. e3 d6 10. Ne2 Nbd7 11. Qc2 e5 12. d5 a5 13. Nc3 Nc5 14. Be2 Bc8 15. e4 a4
16. f3 Bd7 17. Rd1 g5 18. Bf2 Nh5 19. g3 Ng7 20. g4 Ne8 21. h4 Nf6 22. hxg5 hxg5
23. Bf1 Kg7 24. Be3 Rh8 25. Rxh8 Qxh8 26. Bxg5 Qh1 27. Qg2 Rh8 28. Qxh1 Rxh1 29.
Kf2 Kg6 30. Be3 Rh2+ 31. Bg2 Rh8 32. Kg3 Ne8 33. Bf1 1-0

[Event "World Youth Boys U18 2014"]
[Site "Durban RSA"]
[Date "2014.09.23"]
[Round "5.12"]
[White "Serikbay, Chingiz"]
[Black "Nasuta, Grzegorz"]
[Result "0-1"]
[BlackTitle "FM"]
[WhiteElo "2173"]
[BlackElo "2361"]
[WhiteFideId "13707604"]
[BlackFideId "1141686"]
[EventDate "2014.09.20"]

1. e4 c5 2. Nf3 d6 3. d4 cxd4 4. Nxd4 Nf6 5. Nc3 a6 6. Be3 e6 7. f3 b5 8. Qd2
Bb7 9. g4 Nfd7 10. g5 Nb6 11. Qf2 N8d7 12. Nb3 Rc8 13. Na5 Ba8 14. a4 Nxa4 15.
Nxa4 Qxa5+ 16. Qd2 Qc7 17. Nc3 Bb7 18. Be2 Be7 19. h4 Ne5 20. h5 f6 21. Rg1 fxg5
22. Bxg5 Bxg5 23. Rxg5 h6 24. Rg2 O-O 25. Qe3 Kh7 26. f4 Nc4 27. Bxc4 Qxc4 28.
Rd2 Rc7 29. Rd4 0-1

[Event "World Youth Boys U18 2014"]
[Site "Durban RSA"]
[Date "2014.09.23"]
[Round "5.13"]
[White "Ofner, Maximilian"]
[Black "Akhmetov, Ayan"]
[Result "1/2-1/2"]
[BlackTitle "IM"]
[WhiteElo "2145"]
[BlackElo "2350"]
[WhiteFideId "1637789"]
[BlackFideId "13703706"]
[EventDate "2014.09.20"]

1. e4 e6 2. d4 d5 3. e5 c5 4. c3 Nc6 5. Nf3 Bd7 6. Be2 Rc8 7. O-O a6 8. a3 Nge7
9. b4 cxd4 10. cxd4 Nf5 11. Bb2 Qb6 12. Kh1 Be7 13. Nc3 Na7 14. Bd3 Bb5 15. Nxd5
exd5 16. Bxf5 Bxf1 17. Bxc8 Bxg2+ 18. Kxg2 Nxc8 19. Qa4+ Qc6 20. Qxc6+ bxc6 21.
Rc1 Na7 22. Ne1 Kd7 23. Nd3 Kc7 24. Nc5 Bxc5 25. dxc5 Kd7 26. f4 Ke6 27. Kf3 g6
28. a4 Rb8 29. Bc3 Nc8 30. Ke3 Ne7 31. Kd3 Nf5 32. Ra1 d4 33. Bd2 Kd5 34. Re1
Nh4 35. Rf1 h5 36. Be1 Nf5 37. Bd2 a5 38. bxa5 Rb3+ 39. Kc2 Ra3 40. Kb2 Rd3 41.
a6 Rxd2+ 42. Kb1 Kc4 43. a7 Kb3 44. a8=Q Rb2+ 45. Kc1 Rc2+ 1/2-1/2

[Event "World Youth Boys U18 2014"]
[Site "Durban RSA"]
[Date "2014.09.23"]
[Round "5.14"]
[White "Rindlisbacher, Lars"]
[Black "Yurtseven, Melih"]
[Result "1-0"]
[WhiteTitle "FM"]
[WhiteElo "2336"]
[BlackElo "2208"]
[WhiteFideId "1304178"]
[BlackFideId "6312160"]
[EventDate "2014.09.20"]

1. d4 Nf6 2. Nf3 c5 3. d5 e6 4. c4 exd5 5. cxd5 g6 6. Nc3 d6 7. Nd2 Bg7 8. e4
O-O 9. Be2 Re8 10. O-O Nbd7 11. Qc2 Ne5 12. b3 h5 13. Bb2 Bg4 14. f3 Bd7 15. a4
h4 16. f4 Neg4 17. Nc4 Nh5 18. e5 dxe5 19. f5 gxf5 20. Rxf5 e4 21. Bxg4 Bd4+ 22.
Kh1 Bxf5 23. Bxf5 Qg5 24. Rf1 e3 25. Ne2 Bxb2 26. Qxb2 Rad8 27. d6 Ng7 28. Bc2
Ne6 29. Ne5 Nd4 30. Bh7+ Kg7 31. Rxf7+ Kh6 32. Nxd4 Rxe5 33. Nf5+ Rxf5 34. Bxf5
Qf4 35. Qe2 1-0

[Event "World Youth Boys U18 2014"]
[Site "Durban RSA"]
[Date "2014.09.23"]
[Round "5.15"]
[White "Bratkovic, Sham"]
[Black "Bida, Mihai-Eugen"]
[Result "1/2-1/2"]
[WhiteElo "2093"]
[BlackElo "2323"]
[WhiteFideId "14608715"]
[BlackFideId "1200062"]
[EventDate "2014.09.20"]

1. e4 e5 2. Nf3 Nc6 3. Bb5 a6 4. Ba4 Nf6 5. O-O Be7 6. Re1 b5 7. Bb3 d6 8. c3
O-O 9. d4 Bg4 10. Be3 Bh5 11. h3 exd4 12. cxd4 Na5 13. Bc2 Nc4 14. Bc1 d5 15. e5
Ne4 16. Nc3 f5 17. exf6 Nxf6 18. Qd3 Bxf3 19. Qxf3 b4 20. Nxd5 Qxd5 21. Qxd5+
Nxd5 22. Bb3 Bh4 23. g3 Bxg3 24. fxg3 Ncb6 25. Bf4 Kh8 26. Be5 a5 27. Rac1 a4
28. Bxd5 Nxd5 29. Bxc7 a3 30. b3 Nxc7 31. Rxc7 Rf3 32. Rce7 Kg8 33. R1e3 Rxe3
34. Rxe3 Rc8 35. Kf2 Rc1 36. Re2 Kf7 37. Rd2 Ke6 38. d5+ Kd6 39. Ke3 Rc3+ 40.
Kf2 g5 41. Kg2 h5 42. h4 gxh4 43. gxh4 Rc1 44. Kf2 1/2-1/2

[Event "World Youth Boys U18 2014"]
[Site "Durban RSA"]
[Date "2014.09.23"]
[Round "5.16"]
[White "Torosyan, Norayr"]
[Black "Flermoen, Peter"]
[Result "1-0"]
[BlackTitle "CM"]
[WhiteElo "2321"]
[BlackElo "2226"]
[WhiteFideId "13300431"]
[BlackFideId "1507303"]
[EventDate "2014.09.20"]

1. e4 e6 2. d4 d5 3. Nd2 dxe4 4. Nxe4 Nf6 5. Bg5 Be7 6. Bxf6 Bxf6 7. Nf3 Be7 8.
Bd3 b6 9. Qe2 Bb7 10. O-O-O Nd7 11. Kb1 c6 12. Rhe1 h6 13. Ng3 Qc7 14. Nh5 Kf8
15. Ne5 Nxe5 16. dxe5 g6 17. Nf4 Bg5 18. Qg4 Rd8 19. h4 Bxf4 20. Qxf4 Kg7 21.
Qf6+ Kh7 22. h5 Rhe8 23. hxg6+ fxg6 1-0

[Event "World Youth Boys U18 2014"]
[Site "Durban RSA"]
[Date "2014.09.23"]
[Round "5.17"]
[White "Nielsen, Viktor"]
[Black "Menezes, Christoph"]
[Result "0-1"]
[BlackTitle "FM"]
[WhiteElo "2052"]
[BlackElo "2329"]
[WhiteFideId "1444492"]
[BlackFideId "1617001"]
[EventDate "2014.09.20"]

1. e4 d6 2. d4 Nf6 3. Nc3 Nbd7 4. f4 e5 5. Nf3 exd4 6. Qxd4 c6 7. Be3 d5 8.
O-O-O Bc5 9. Qd2 O-O 10. exd5 Qb6 11. Bxc5 Nxc5 12. dxc6 bxc6 13. Ne5 Be6 14.
Bd3 Rab8 15. b3 Rfd8 16. Qe2 a5 17. Bc4 Bd5 18. a4 Qb4 19. Bxd5 cxd5 20. Nb5
Rdc8 21. Nd3 Nxb3+ 22. Kb2 Qxa4 23. cxb3 Qxb5 24. Nc1 Qb4 25. Qe3 a4 26. Rd4 Qc5
27. Qd2 Ne4 28. Rxe4 dxe4 29. Rd1 axb3 30. Nxb3 Rxb3+ 31. Kxb3 Rb8+ 32. Ka2 Qa7+ 0-1

[Event "World Youth Boys U18 2014"]
[Site "Durban RSA"]
[Date "2014.09.23"]
[Round "5.18"]
[White "Shetty, Atulya"]
[Black "Holleland, Sigve"]
[Result "1-0"]
[WhiteTitle "FM"]
[WhiteElo "2328"]
[BlackElo "2001"]
[WhiteFideId "2031213"]
[BlackFideId "1513672"]
[EventDate "2014.09.20"]

1. c4 Nf6 2. g3 g6 3. Bg2 Bg7 4. Nf3 O-O 5. O-O c5 6. Nc3 Nc6 7. d4 cxd4 8. Nxd4
Nxd4 9. Qxd4 d6 10. Qd3 a6 11. Bd2 Nd7 12. b3 Rb8 13. Rac1 b5 14. cxb5 axb5 15.
Be3 Ne5 16. Qd2 Bb7 17. Bxb7 Rxb7 18. Qd5 Qb8 19. Rfd1 Ng4 20. Qe4 Nxe3 21. Qxe3
Qa8 22. Qd2 Rc8 23. Nd5 e6 24. Rxc8+ Qxc8 25. Rc1 Qd8 26. Nb4 d5 27. Rc6 Rc7 28.
Qc2 Rxc6 29. Nxc6 Qd6 30. a4 bxa4 31. bxa4 Qa3 32. a5 Bf8 33. Kg2 Bd6 34. e3 Kg7
35. Qd2 Bc5 36. Qc2 Bd6 37. Qb1 Bc5 38. Qb5 Bxe3 39. fxe3 Qxe3 40. Qb2+ f6 41.
h4 e5 42. a6 d4 43. Kh3 d3 44. a7 Qe2 45. Qb7+ Kh6 46. Nxe5 d2 47. Ng4+ Qxg4+
48. Kxg4 d1=Q+ 49. Kh3 Qf1+ 50. Qg2 Qf5+ 51. Kh2 1-0

[Event "World Youth Boys U18 2014"]
[Site "Durban RSA"]
[Date "2014.09.23"]
[Round "5.20"]
[White "Poleg, Matan"]
[Black "Ivekovic, Bozidar2"]
[Result "1/2-1/2"]
[WhiteElo "2039"]
[BlackElo "2299"]
[WhiteFideId "2811472"]
[BlackFideId "14518848"]
[EventDate "2014.09.20"]

1. d4 d5 2. Nf3 Nc6 3. Bf4 Bg4 4. e3 e6 5. Be2 Bd6 6. Bg3 Nf6 7. Nbd2 Qe7 8. a3
O-O 9. O-O Bxg3 10. hxg3 Bxf3 11. Nxf3 e5 12. Bb5 e4 13. Nd2 Qe6 14. c4 Ne7 15.
cxd5 Nexd5 16. Be2 Rfd8 17. Qb3 b6 18. Rac1 g6 19. Qc2 Kg7 20. Nb1 Rac8 21. Ba6
Rb8 22. Be2 Ng4 23. Bxg4 Qxg4 24. Nc3 Nf6 25. Qe2 Qg5 26. Nd1 Rxd4 27. Rxc7 Rd5
28. Nc3 Rf5 29. Qc4 Ng4 30. Qd4+ Kh6 31. Nxe4 Qh5 32. Rd1 Qh2+ 33. Kf1 Qh1+ 34.
Ke2 Qxg2 35. Rcc1 Nxf2 36. Nxf2 Qxf2+ 37. Kd3 Rh5 38. Rf1 Qxg3 39. Rxf7 Qe5 40.
Qxe5 Rxe5 41. Rcc7 Rbe8 42. Rxh7+ Kg5 43. Rh3 Kg4 44. Rch7 g5 45. Ke2 Rc8 46.
Rh1 Rc2+ 47. Kd3 Rxb2 48. Rg1+ Kf5 49. Rf7+ Ke6 50. Rxa7 Rb3+ 51. Kd4 Rbxe3 52.
Rg4 Kf5 53. Rg1 R3e4+ 54. Kd3 Rd5+ 55. Kc3 Ra5 56. Rf7+ Kg6 57. Rb7 Ra8 58. Kb2
Ra6 1/2-1/2

[Event "World Youth Boys U18 2014"]
[Site "Durban RSA"]
[Date "2014.09.23"]
[Round "5.21"]
[White "Nilsen, Martin"]
[Black "Eltigani, Omar"]
[Result "0-1"]
[BlackTitle "IM"]
[WhiteElo "2003"]
[BlackElo "2261"]
[WhiteFideId "1510657"]
[BlackFideId "738794"]
[EventDate "2014.09.20"]

1. d4 d5 2. Bg5 Nf6 3. e3 c5 4. c3 Nc6 5. Bd3 Qb6 6. b3 Bg4 7. Qd2 cxd4 8. exd4
e5 9. dxe5 Nxe5 10. Ne2 Bc5 11. O-O O-O 12. b4 Be7 13. Be3 Qc7 14. f3 Bd7 15.
Nd4 Bd6 16. Kh1 Nxd3 17. Qxd3 Bxh2 18. Nf5 Qe5 19. f4 Bxf5 20. fxe5 Bxd3 21. Rd1
Be2 22. exf6 Bxd1 23. Nd2 Be5 24. Rxd1 Bxc3 0-1

[Event "World Youth Boys U18 2014"]
[Site "Durban RSA"]
[Date "2014.09.23"]
[Round "5.22"]
[White "Nyamdorj, Davaaochir"]
[Black "Abe, Mahiro"]
[Result "1-0"]
[WhiteElo "1804"]
[BlackElo "2146"]
[WhiteFideId "2621843"]
[BlackFideId "7000235"]
[EventDate "2014.09.20"]

1. e4 e5 2. Nf3 Nf6 3. Nxe5 d6 4. Nf3 Nxe4 5. Nc3 Nxc3 6. dxc3 Be7 7. Be3 Nc6 8.
Qd2 Bg4 9. O-O-O Qd7 10. h3 Bxf3 11. gxf3 Qe6 12. Kb1 Ne5 13. Qe2 a6 14. h4 O-O
15. f4 Ng4 16. Bg2 Nxe3 17. fxe3 c6 18. e4 Bf6 19. h5 Rfe8 20. Rde1 Rab8 21. Bh3
Qe7 22. Bf5 Qc7 23. Reg1 Qa5 24. Qd3 Rbd8 25. Rg3 Qb5 26. Qf3 Kh8 27. Qg4 Qc5
28. Bxh7 Kxh7 29. e5 dxe5 30. Qf5+ Kg8 31. Qxf6 Kf8 32. Rxg7 Qd5 33. Rc1 Rd6 34.
Qg5 f6 35. Qh6 1-0

[Event "World Youth Boys U18 2014"]
[Site "Durban RSA"]
[Date "2014.09.23"]
[Round "5.24"]
[White "De Strycker, Nathan"]
[Black "Lobersli, Henrik Oie"]
[Result "1-0"]
[WhiteElo "2133"]
[BlackElo "1950"]
[WhiteFideId "226343"]
[BlackFideId "1511947"]
[EventDate "2014.09.20"]

1. Nf3 d5 2. d4 Nf6 3. c4 e6 4. Nc3 Bb4 5. e3 O-O 6. Bd3 c5 7. O-O Nc6 8. cxd5
exd5 9. dxc5 Bxc5 10. h3 Re8 11. a3 Ne5 12. Nxe5 Rxe5 13. b4 Bb6 14. Na4 Bc7 15.
Bb2 Re8 16. Bd4 Qd6 17. f4 Ne4 18. Qh5 Qg6 19. Qxg6 hxg6 20. Rac1 Bd6 21. Bb5
Re7 22. Bxa7 Bxh3 23. gxh3 Rxa7 24. Nb6 Rc7 25. Rxc7 Bxc7 26. Nxd5 Bd6 27. a4
Nf6 28. Rd1 Nxd5 29. Rxd5 Bxb4 30. Rd8+ Kh7 31. Rd7 f5 32. Kf2 Ra8 33. Rxb7 Rc8
34. Bd3 Ba5 35. Rb5 Ra8 36. Kf3 Ra7 37. e4 fxe4+ 38. Bxe4 Bc3 39. Rh5+ Kg8 40.
Rc5 Bd4 41. Rc4 Bf6 42. Bxg6 Kf8 43. Re4 Be7 44. h4 Ra5 45. h5 Ra6 46. Ke2 Ra8
47. Kd3 Rd8+ 48. Kc4 Rd6 49. a5 Rd2 50. a6 Ra2 51. Kb5 Rb2+ 52. Kc6 Rc2+ 53. Kb7
Rb2+ 54. Ka8 Ra2 55. Re6 1-0

[Event "World Youth Boys U18 2014"]
[Site "Durban RSA"]
[Date "2014.09.23"]
[Round "5.25"]
[White "Di Giannantonio, Nino"]
[Black "Machlik, Jon"]
[Result "1-0"]
[WhiteTitle "FM"]
[WhiteElo "2128"]
[BlackElo "1859"]
[WhiteFideId "119261"]
[BlackFideId "1513613"]
[EventDate "2014.09.20"]

1. e4 e5 2. Nf3 Nc6 3. Bb5 a6 4. Ba4 Nf6 5. Bxc6 dxc6 6. d3 Bc5 7. h3 O-O 8. O-O
Qe7 9. Nbd2 b5 10. b3 Nd7 11. Bb2 Ba3 12. Qc1 Bxb2 13. Qxb2 c5 14. Nh2 Qg5 15.
Ndf3 Qe7 16. Ng4 Re8 17. Ne3 a5 18. a4 b4 19. Nd2 Nb8 20. f4 exf4 21. Rxf4 Ra6
22. Raf1 Rg6 23. h4 Be6 24. Ndc4 Nc6 25. R1f2 Rh6 26. Ne5 Nxe5 27. Qxe5 Qd6 28.
Nc4 Qxe5 29. Nxe5 Rf8 30. Nc6 Ra8 31. Ne7+ Kf8 32. Nf5 Rg6 33. h5 Rg5 34. h6
gxh6 35. Nxh6 Rg7 36. Nf5 Rg5 37. Ne3 1-0

[Event "World Youth Boys U18 2014"]
[Site "Durban RSA"]
[Date "2014.09.23"]
[Round "5.26"]
[White "Sultan, Ibrahim"]
[Black "Sidabras, Jonas"]
[Result "1-0"]
[WhiteTitle "FM"]
[WhiteElo "2023"]
[BlackElo "1828"]
[WhiteFideId "9301143"]
[BlackFideId "12806048"]
[EventDate "2014.09.20"]

1. d4 d5 2. c4 dxc4 3. Nf3 a6 4. e3 b5 5. a4 Bb7 6. b3 e6 7. bxc4 bxc4 8. Bxc4
Nf6 9. O-O Nbd7 10. Nc3 Be7 11. Qd3 c5 12. a5 cxd4 13. exd4 O-O 14. Bf4 Nd5 15.
Bxd5 Bxd5 16. Nxd5 exd5 17. Rfb1 Ra7 18. Ne5 Nxe5 19. Bxe5 Qa8 20. Rb6 Bd8 21.
Rd6 f6 22. Bg3 Bc7 23. Re6 Bxg3 24. hxg3 Re8 25. Rae1 Rxe6 26. Rxe6 Qc8 27. Rd6
Re7 28. Qd1 Qe8 29. Qf3 Re1+ 30. Kh2 Re4 31. Rxd5 Qg6 32. Qb3 Kf8 33. Qb8+ Re8
34. Qb4+ Kg8 35. Qc4 Kh8 36. Qc5 Qh6+ 37. Rh5 Qg6 38. Qf5 Qxf5 39. Rxf5 Rd8 40.
Rc5 Kg8 41. d5 Kf7 42. g4 Ke7 43. Kg3 Kd6 44. Rc6+ Kxd5 45. Rxa6 Ke5 46. Ra7 g5
47. a6 Rd3+ 48. f3 Ra3 49. Ra8 Kd6 50. a7 Kc7 51. Rh8 Rxa7 52. Rxh7+ Kb8 1-0

[Event "World Youth Boys U18 2014"]
[Site "Durban RSA"]
[Date "2014.09.23"]
[Round "5.29"]
[White "Andriamalala, Fanomezana"]
[Black "Kenenbaev, Aidar"]
[Result "0-1"]
[WhiteElo "1876"]
[BlackElo "1739"]
[WhiteFideId "13101056"]
[BlackFideId "13801180"]
[EventDate "2014.09.20"]

1. d4 Nf6 2. c4 g6 3. g3 Bg7 4. Bg2 O-O 5. Nf3 d6 6. O-O Nbd7 7. Nc3 e5 8. e4 c6
9. h3 Qb6 10. dxe5 dxe5 11. Qe2 Qb4 12. a3 Qe7 13. Be3 Nc5 14. Bxc5 Qxc5 15. b4
Qe7 16. Rfd1 Ne8 17. c5 Nc7 18. Qe3 Be6 19. Rd6 Rfd8 20. Rad1 Ne8 21. Rxd8 Rxd8
22. Rd2 Nc7 23. Rd6 Ne8 24. Rd2 Nc7 25. Bf1 f6 26. Rd6 Ne8 27. Rd2 Rd7 28. Rd3
Qd8 29. Qd2 Bh6 30. Qxh6 Rxd3 31. Bxd3 Qxd3 32. Qd2 Qxf3 33. Qd8 Kf8 0-1